| 000 | 003860000a22001570004500 | ||
|---|---|---|---|
| 003 | LK-CoMWRAF | ||
| 008 | 230817t ||||| |||| 00| 0 eng d | ||
| 040 |
_aLK-CoMWRAF _dLK-CoMWRAF _eLK-CoMWRAF |
||
| 041 | _aeng | ||
| 082 |
_a152.7 _bBAS |
||
| 100 | _aBashier, S.Muhammad | ||
| 245 |
_aIslam Walangum Pennurimai _b |
||
| 260 |
_bKajiyaar _aIndia _c2004 |
||
| 300 | _ap.144 | ||
| 942 | _cBK | ||
| 999 |
_c1026 _d1026 |
||